Macroeconomics active graphs CD-ROM to accompany
Na minha lista:
| Autor principal: | |
|---|---|
| Formato: | Livro |
| Idioma: | inglês |
| Publicado em: |
Upper Saddle River, N.J.
Prentice Hall
2003
|
| Edição: | 3rd ed. |
| Assuntos: | |
| Tags: |
Sem tags, seja o primeiro a adicionar uma tag!
|
MARC
| LEADER | 00000nam$a2200000$$$4500 | ||
|---|---|---|---|
| 001 | 0047239 | ||
| 005 | 20240318114513.7 | ||
| 020 | |a 0-13-100501-4 | ||
| 041 | 0 | |a eng | |
| 044 | |a US | ||
| 245 | 1 | 0 | |a Macroeconomics |b active graphs CD-ROM to accompany |c Olivier Blanchard |
| 250 | |a 3rd ed. | ||
| 264 | 1 | |a Upper Saddle River, N.J. |b Prentice Hall |c 2003 | |
| 300 | |a CD-ROM | ||
| 610 | 2 | 0 | |a makroekonomika |
| 610 | 2 | 0 | |a trh finančný |
| 610 | 2 | 0 | |a trh práce |
| 610 | 2 | 0 | |a rast hospodársky |
| 610 | 2 | 0 | |a hospodárstvo otvorené |
| 610 | 2 | 0 | |a tovar |
| 610 | 2 | 0 | |a miera úroková |
| 610 | 2 | 0 | |a kurz devízový |
| 610 | 2 | 0 | |a politika peňažná |
| 610 | 2 | 0 | |a príjmy |
| 610 | 2 | 0 | |a ekonometria |
| 100 | 1 | |a Blanchard, Olivier | |